Statistics for Mississippi-Missouri Basin States and Provinces

Click here to take the quiz!

General Stats

  • This quiz has been taken 531 times
  • The average score is 33 of 34

Answers on the Map

Answers color-coded by a green-red scale on the quiz's map according to % correct below.
Loading ...
 

Answer Stats

State / Province% Correct
Alabama
99%
Georgia
99%
Mississippi
99%
Montana
99%
North Dakota
99%
South Dakota
99%
Texas
99%
Arkansas
98%
Iowa
98%
Kansas
98%
Kentucky
98%
Louisiana
98%
Michigan
98%
Missouri
98%
New Mexico
98%
North Carolina
98%
Ohio
98%
South Carolina
98%
Tennessee
98%
Virginia
98%
West Virginia
98%
Wyoming
98%
Colorado
97%
Illinois
97%
Minnesota
97%
Oklahoma
97%
Pennsylvania
97%
Wisconsin
97%
Indiana
96%
Nebraska
96%
New York
96%
Maryland
95%
Alberta
92%
Saskatchewan
86%

Score Distribution

Percentile by Number Answered

Percent of People with Each Score

Your Score History

You have not taken this quiz